00378nam a2200181Ia 4500003000900000008004100009040001300050040001300063041000800076100001900084245003500103250001000138260001200148260000900160300001100169300001000180490000600190IT-RoPAU120407s9999 xx 000 0 und d aIT-RoPAU cIT-RoPAU afra aBernard Besret aClefs pour une nouvelle Eglise aParis aSeghers c1971 a221 p. c18 cm v1